New dimensions administrative improvement (Record no. 499707)

000 -LEADER
fixed length control field 00452cam a22001337a 4500
008 - FIXED-LENGTH DATA ELEMENTS--GENERAL INFORMATION
fixed length control field 180718b1962 xxu||||| |||| 00| 0 eng d
082 ## - DEWEY DECIMAL CLASSIFICATION NUMBER
Classification number I513 In2n
100 ## - MAIN ENTRY--PERSONAL NAME
Personal name Westcott, Jay B.
245 ## - TITLE STATEMENT
Title New dimensions administrative improvement
Statement of responsibility, etc. by Jay B. Westcott
260 ## - PUBLICATION, DISTRIBUTION, ETC.
Place of publication, distribution, etc. New Delhi
Name of publisher, distributor, etc. Indian Institute of Public Administration
Date of publication, distribution, etc. 1962
300 ## - PHYSICAL DESCRIPTION
Extent 32p
500 ## - GENERAL NOTE
General note Lecture delivered om March 20 & 23, 1962
650 ## - SUBJECT ADDED ENTRY--TOPICAL TERM
Topical term or geographic name entry element Dimensions-Administrative improvement
Holdings
Withdrawn status Lost status Damaged status Not for loan Permanent Location Current Location Date acquired Full call number Barcode Date last seen Price effective from Koha item type
        Indian Institute of Public Administration Indian Institute of Public Administration 2018-08-04 I513 In2n GR5232 2018-08-04 2018-08-04 GR

Powered by Koha